[Event "II. Budapest Open"]
[Site ", "]
[Date "2012.08.20"]
[Round "3"]
[White "Nebenfuhrer, Gyorgy"]
[Black "Karacsonyi, Gellert"]
[Result "0-1"]
[WhiteElo "1689"]
[BlackElo "1461"]
[PlyCount "110"]
[EventDate "2012.??.??"]

1. c4 f5 2. d4 Nf6 3. Nc3 g6 4. Bf4 Bg7 5. Nf3 O-O 6. e3 d6 7. Bd3 Qe8 8. O-O
c6 9. Qb3 Kh8 10. h3 Nbd7 11. Ng5 Nb6 12. a4 e5 13. Bh2 h6 14. a5 Nxc4 15. Bxc4
hxg5 16. dxe5 dxe5 17. f3 g4 18. h4 Nh5 19. fxg4 fxg4 20. Ne4 Bf5 21. Nd6 Qe7
22. Nxf5 gxf5 23. e4 Qxh4 24. g3 Qg5 25. Rxf5 Rxf5 26. exf5 Qxf5 27. Rf1 Qe4
28. Be6 Qd4+ 29. Kg2 Qe4+ 30. Kg1 Bh6 31. Rf5 Be3+ 32. Kf1 Qh1+ 33. Ke2 Qxh2+
34. Kd3 Rd8+ 35. Kc4 Rd4+ 36. Kc5 Rd3+ 37. Kb4 Rxb3+ 38. Bxb3 Qd2+ 39. Ka4 b5+
40. axb6 axb6 41. Rxh5+ Bh6 42. Ka3 b5 43. Ka2 Kg7 44. Rxe5 Qd3 45. Re7+ Kf6
46. Re6+ Kg7 47. Rxc6 Qxg3 48. Rb6 Qd3 49. Rb7+ Kf8 50. Rf7+ Ke8 51. Rf6 g3 52.
Rxh6 g2 53. Re6+ Kd7 54. Re1 Qf1 55. Rxf1 gxf1=Q 0-1

[Event "II. Budapest Open"]
[Site ", "]
[Date "2012.08.20"]
[Round "3"]
[White "Bella, Zsolt"]
[Black "Csermely, Zoltan"]
[Result "1/2-1/2"]
[WhiteElo "1369"]
[BlackElo "1686"]
[PlyCount "120"]
[EventDate "2012.??.??"]

1. c4 e5 2. Nc3 Nf6 3. g3 c6 4. Bg2 d5 5. cxd5 cxd5 6. d4 e4 7. Qb3 Nc6 8. Bg5
Nxd4 9. Qa4+ Nc6 10. Bxf6 gxf6 11. Rd1 Bb4 12. Bxe4 Be6 13. a3 Bxc3+ 14. bxc3
Qa5 15. Qxa5 Nxa5 16. Bxd5 O-O-O 17. Bxe6+ fxe6 18. Rxd8+ Rxd8 19. Nf3 Nc4 20.
O-O a6 21. Ra1 e5 22. a4 Kc7 23. Ra2 Rd1+ 24. Kg2 Rc1 25. g4 Rxc3 26. g5 e4 27.
Nd4 fxg5 28. Ne6+ Kd6 29. Nxg5 Ke5 30. Nxh7 b5 31. axb5 axb5 32. Ng5 b4 33. Ra8
b3 34. Re8+ Kf5 35. Nxe4 Rc2 36. f3 Rxe2+ 37. Kf1 Rxh2 38. Nc3 Nd2+ 39. Ke1
Nxf3+ 40. Kf1 Rc2 41. Nd5 Kg5 42. Rg8+ Kh6 43. Rb8 b2 44. Rb6+ Kg5 45. Nc3 Nd4
46. Ke1 Kf4 47. Kd1 Rxc3 48. Rxb2 Ke3 49. Rh2 Ra3 50. Kc1 Nf3 51. Rb2 Ne1 52.
Kb1 Kd3 53. Ra2 Rb3+ 54. Rb2 Rc3 55. Rh2 Nc2 56. Kb2 Ne3 57. Kb1 Kc4 58. Rb2
Rd3 59. Ka2 Nd1 60. Rb8 Nc3+ 1/2-1/2

[Event "II. Budapest Open"]
[Site ", "]
[Date "2012.08.21"]
[Round "4"]
[White "Resika, Nathan A"]
[Black "To, Nhat Minh"]
[Result "1/2-1/2"]
[WhiteElo "2149"]
[BlackElo "2287"]
[PlyCount "37"]
[EventDate "2012.??.??"]

1. Nf3 Nf6 2. c4 g6 3. Nc3 d5 4. cxd5 Nxd5 5. Qa4+ Nc6 6. Ne5 Qd6 7. Nxc6 Qxc6
8. Qd4 Nf6 9. e4 a6 10. b4 Bg7 11. Bb2 Be6 12. Rc1 Qd6 13. Qxd6 cxd6 14. Nd5
Bxd5 15. exd5 O-O 16. Bxf6 exf6 17. Rc7 b5 18. Kd1 Rfe8 19. Bd3 1/2-1/2

[Event "II. Budapest Open"]
[Site ", "]
[Date "2012.08.21"]
[Round "4"]
[White "Carvajal Gorgona, Jonathan"]
[Black "Nagy, Aron"]
[Result "1-0"]
[WhiteElo "2153"]
[BlackElo "2091"]
[PlyCount "101"]
[EventDate "2012.??.??"]

1. d4 d5 2. c4 c6 3. Nf3 Nf6 4. Nbd2 Bf5 5. Nh4 Bg6 6. Qb3 Qb6 7. Qh3 Nbd7 8.
Nxg6 fxg6 9. e3 c5 10. cxd5 cxd4 11. Nc4 Qc5 12. d6 b5 13. exd4 Qxd4 14. Be3
Qg4 15. Na5 a6 16. a4 b4 17. Rc1 exd6 18. Rc6 Qxh3 19. gxh3 Be7 20. Rxa6 Kf7
21. Nc6 Rxa6 22. Bxa6 Nc5 23. Bxc5 dxc5 24. Bc4+ Ke8 25. Ne5 Rf8 26. Bb5+ Kd8
27. Nc6+ Kd7 28. O-O Bd6 29. Nxb4+ Kc7 30. Nd3 Ne4 31. Kg2 Nd2 32. Rc1 Kb6 33.
b4 c4 34. Rc2 cxd3 35. Rc6+ Ka7 36. Rxd6 Rxf2+ 37. Kxf2 Ne4+ 38. Ke3 Nxd6 39.
Bxd3 Kb6 40. Kd4 Nf5+ 41. Bxf5 gxf5 42. Ke5 g6 43. h4 h5 44. Kd5 Kc7 45. a5 Kb7
46. b5 Kc7 47. Kc5 Kb7 48. a6+ Kb8 49. b6 Ka8 50. Kc6 f4 51. Kc7 1-0

[Event "II. Budapest Open"]
[Site ", "]
[Date "2012.08.21"]
[Round "4"]
[White "Orosz, Andras"]
[Black "Szepes, Tamas"]
[Result "1-0"]
[WhiteElo "1948"]
[BlackElo "2227"]
[PlyCount "115"]
[EventDate "2012.??.??"]

1. e4 e5 2. Nf3 Nc6 3. Bc4 Nf6 4. d3 Be7 5. c3 O-O 6. Bb3 d5 7. Qe2 dxe4 8.
dxe4 Bg4 9. h3 Bh5 10. Nbd2 Nd7 11. g4 Bg6 12. Nf1 Nc5 13. Bc2 f6 14. Ng3 Ne6
15. Nf5 Rb8 16. Be3 Bf7 17. Rd1 Qe8 18. Bb3 Nc5 19. Bxf7+ Qxf7 20. Nxe7+ Qxe7
21. Bxc5 Qxc5 22. Rd5 Qe7 23. O-O Rfd8 24. Rfd1 Rxd5 25. exd5 Nd8 26. b4 Nf7
27. a3 Rd8 28. c4 b6 29. Qc2 Qd7 30. Nh4 Nh6 31. Nf5 Nxf5 32. Qxf5 Qxf5 33.
gxf5 Kf7 34. Kg2 g6 35. fxg6+ hxg6 36. Kg3 f5 37. f3 Ke7 38. Kf2 Rh8 39. Rg1
Kf6 40. Kg2 Rh4 41. Rc1 Rd4 42. Rc3 Rd2+ 43. Kg1 Kg5 44. a4 Kf4 45. a5 bxa5 46.
bxa5 g5 47. Kf1 Ra2 48. c5 Rxa5 49. d6 cxd6 50. c6 e4 51. fxe4 Ra1+ 52. Ke2 Ra4
53. exf5 Re4+ 54. Kf2 Re8 55. c7 Rc8 56. f6 Ke5 57. f7 Ke6 58. Rf3 1-0

[Event "II. Budapest Open"]
[Site ", "]
[Date "2012.08.21"]
[Round "4"]
[White "Jacso, Adam"]
[Black "Kanarkiewicz, Michal"]
[Result "1-0"]
[WhiteElo "2224"]
[BlackElo "2076"]
[PlyCount "99"]
[EventDate "2012.??.??"]

1. d4 g6 2. c4 Bg7 3. e4 d6 4. Nc3 Nc6 5. Be3 e5 6. d5 Nce7 7. Qd2 f5 8. f3 Nf6
9. O-O-O O-O 10. Kb1 fxe4 11. Nxe4 Nf5 12. Bg5 Qe8 13. Bd3 Nxe4 14. Bxe4 h6 15.
Be3 Nxe3 16. Qxe3 Bf5 17. Ne2 b5 18. c5 Bxe4+ 19. fxe4 Qf7 20. cxd6 cxd6 21.
Ng3 Qf2 22. Qd2 h5 23. Qg5 Qf6 24. Qxf6 Rxf6 25. Rhf1 Raf8 26. Rxf6 Rxf6 27.
Rf1 Rf4 28. Rf3 Rxf3 29. gxf3 Bh6 30. Kc2 Bf4 31. Nf1 Kf7 32. Kb3 Bc1 33. Kb4
Kf6 34. Kxb5 Bxb2 35. Kc6 Ba3 36. Ne3 Kg5 37. Nc4 Bb4 38. a3 Bc5 39. Nxe5 Bxa3
40. Nd3 a5 41. f4+ Kg4 42. e5 dxe5 43. fxe5 Kf5 44. e6 a4 45. Kd7 Ke4 46. d6
Bxd6 47. Kxd6 Kxd3 48. e7 a3 49. e8=Q a2 50. Qa4 1-0

[Event "II. Budapest Open"]
[Site ", "]
[Date "2012.08.21"]
[Round "4"]
[White "Farkas, Richard"]
[Black "Takacs, Kevin"]
[Result "1/2-1/2"]
[WhiteElo "2116"]
[BlackElo "1909"]
[PlyCount "48"]
[EventDate "2012.??.??"]

1. e4 c6 2. d4 d5 3. exd5 cxd5 4. Bd3 Nc6 5. c3 Nf6 6. Bg5 h6 7. Bh4 e6 8. Nf3
Be7 9. O-O O-O 10. Nbd2 Nd7 11. Bg3 f5 12. Be5 Ndxe5 13. Nxe5 Nxe5 14. dxe5 Bd7
15. Nb3 Rc8 16. f4 Bc5+ 17. Kh1 Bb6 18. Qh5 Be8 19. Qh3 Bc6 20. Rad1 Qe7 21.
Be2 a6 22. Nd4 Bxd4 23. Rxd4 Kh7 24. Qg3 Rg8 1/2-1/2

[Event "II. Budapest Open"]
[Site ", "]
[Date "2012.08.21"]
[Round "4"]
[White "Berta, Sandor"]
[Black "Gubics, Peter"]
[Result "1-0"]
[WhiteElo "1891"]
[BlackElo "2149"]
[PlyCount "135"]
[EventDate "2012.??.??"]

1. e4 e6 2. d4 d5 3. Nc3 Nf6 4. e5 Nfd7 5. f4 c5 6. Nf3 Nc6 7. Be3 cxd4 8. Nxd4
Bc5 9. Qd2 O-O 10. O-O-O Qe7 11. Bb5 Nxd4 12. Bxd4 Nb6 13. Ne2 a6 14. Bd3 Bd7
15. Qe3 Na4 16. Qh3 g6 17. Qe3 Bb5 18. h4 Bxd4 19. Nxd4 Qb4 20. Nb3 Rfc8 21.
Qd2 Qxd2+ 22. Rxd2 Bxd3 23. Rxd3 Rc4 24. g3 Rac8 25. Rh2 Re4 26. Rhd2 h5 27.
Rd4 Re1+ 28. Rd1 Re2 29. R1d2 Re1+ 30. Rd1 Rxd1+ 31. Rxd1 Rc4 32. Nd2 Rb4 33.
b3 Nc3 34. Re1 Rd4 35. Kb2 Rxd2 36. Kxc3 Rg2 37. Re3 d4+ 38. Kxd4 Rxc2 39. a4
Kg7 40. Rc3 Rd2+ 41. Kc5 g5 42. fxg5 Rd5+ 43. Kb6 Rxe5 44. Kxb7 a5 45. Rf3 Rd5
46. Kc6 Rd8 47. Kb6 Rd5 48. Kc6 Rd8 49. Kb5 Rd5+ 50. Kc4 Kg6 51. Rf6+ Kg7 52.
Rf4 Kg6 53. Rf6+ Kg7 54. Rf3 Kg6 55. b4 axb4 56. Kxb4 e5 57. Ra3 Kf5 58. a5 Kg4
59. a6 Rd8 60. a7 Ra8 61. Kc4 e4 62. Kd4 e3 63. Kxe3 Kxg3 64. Ke4+ Kg4 65. Ke5
Kxh4 66. Kf5 Rxa7 67. Rxa7 Kg3 68. Rxf7 1-0

[Event "II. Budapest Open"]
[Site ", "]
[Date "2012.08.21"]
[Round "4"]
[White "Kalmar, Karoly"]
[Black "Yip, Michael"]
[Result "0-1"]
[WhiteElo "1920"]
[BlackElo "2072"]
[PlyCount "134"]
[EventDate "2012.??.??"]

1. e4 d6 2. d4 Nf6 3. Nd2 g6 4. Ngf3 Bg7 5. c3 O-O 6. Qc2 c5 7. dxc5 dxc5 8.
Be2 Nc6 9. O-O Qc7 10. Re1 h6 11. Nf1 b6 12. Ne3 Be6 13. b3 Rfd8 14. Bb2 Ng4
15. Nxg4 Bxg4 16. Rad1 Be6 17. Nd2 Na5 18. Nf1 Rxd1 19. Rxd1 Rd8 20. Ne3 Nc6
21. g3 Rxd1+ 22. Bxd1 Bc8 23. f4 e5 24. Nd5 Qd8 25. Qf2 Be6 26. Bf3 Qd7 27. Qe2
exf4 28. gxf4 Bxd5 29. exd5 Ne7 30. c4 Bxb2 31. Qxb2 Nc8 32. Qe2 h5 33. Qe5 Nd6
34. Qg5 Kh7 35. Qe5 Qd8 36. Qg5 f6 37. Qg2 Qe7 38. Qd2 Kg7 39. Kf2 Nf5 40. Qd3
Nd6 41. Bg2 g5 42. Qd2 g4 43. Qd3 h4 44. a3 f5 45. b4 Qf6 46. bxc5 bxc5 47. Qe3
Qb2+ 48. Kg1 Qb1+ 49. Kf2 Qc2+ 50. Kg1 Ne4 51. Bf1 Qd1 52. Qd3 Qxd3 53. Bxd3
Nd6 54. Kg2 h3+ 55. Kg1 Kf6 56. Kf1 Ke7 57. Kg1 Kd7 58. Kf2 Kc7 59. Kg3 Kb6 60.
Kh4 Ka5 61. Bxf5 Nxf5+ 62. Kxg4 Ne3+ 63. Kxh3 Nxc4 64. Kg4 Nd6 65. f5 c4 66.
Kf4 c3 67. Ke3 Ka4 0-1

[Event "II. Budapest Open"]
[Site ", "]
[Date "2012.08.21"]
[Round "4"]
[White "Mihaly, Zoltan"]
[Black "Zoldy, Robert"]
[Result "1/2-1/2"]
[WhiteElo "1756"]
[BlackElo "1990"]
[PlyCount "49"]
[EventDate "2012.??.??"]

1. c4 e6 2. g3 d5 3. cxd5 exd5 4. d4 c5 5. dxc5 Bxc5 6. Bg2 Nf6 7. Nc3 Be6 8.
e3 Nc6 9. Nge2 Qd7 10. Nf4 Rd8 11. O-O O-O 12. Na4 Be7 13. b3 Bf5 14. Bb2 Nb4
15. Nc3 a6 16. Rc1 g5 17. Nfe2 Nd3 18. Rc2 Nxb2 19. Rxb2 Bh3 20. Nd4 Rc8 21.
Nce2 Rc7 22. f4 Bxg2 23. Kxg2 Ng4 24. Qd3 Ba3 25. Rc2 1/2-1/2

[Event "II. Budapest Open"]
[Site ", "]
[Date "2012.08.21"]
[Round "4"]
[White "Ruck, Robert"]
[Black "Balla, Attila"]
[Result "0-1"]
[WhiteElo "2009"]
[BlackElo "1749"]
[PlyCount "88"]
[EventDate "2012.??.??"]

1. e4 d6 2. d4 Nf6 3. Nc3 e5 4. dxe5 dxe5 5. Qxd8+ Kxd8 6. Bg5 Bb4 7. O-O-O+
Bd7 8. Nd5 Be7 9. Nxe7 Kxe7 10. f3 Nc6 11. Bc4 Rad8 12. Ne2 Be6 13. Bxe6 Kxe6
14. c3 Rxd1+ 15. Rxd1 Rd8 16. Rxd8 Nxd8 17. Ng3 g6 18. Nf1 b5 19. Ne3 c6 20.
Kc2 Nb7 21. b4 Nd6 22. Bxf6 Kxf6 23. Kd3 Ke6 24. c4 a6 25. c5 Nb7 26. g4 a5 27.
a3 a4 28. h4 Nd8 29. g5 f6 30. gxf6 Kxf6 31. Ng4+ Ke6 32. Ke3 Nf7 33. Nf2 h6
34. Nd3 Kf6 35. Nf2 h5 36. Nh3 g5 37. hxg5+ Nxg5 38. Nxg5 Kxg5 39. f4+ exf4+
40. Kf3 h4 41. Kg2 Kf6 42. Kh3 Ke5 43. Kxh4 Kxe4 44. Kh3 Ke3 0-1

[Event "II. Budapest Open"]
[Site ", "]
[Date "2012.08.21"]
[Round "4"]
[White "Lakat, Gyula"]
[Black "Heyl, Thomas"]
[Result "0-1"]
[WhiteElo "1896"]
[BlackElo "2009"]
[PlyCount "48"]
[EventDate "2012.??.??"]

1. e4 c5 2. Nc3 e6 3. g3 d5 4. exd5 exd5 5. Bg2 Nf6 6. d4 cxd4 7. Qxd4 Nc6 8.
Qd1 Bb4 9. Bd2 O-O 10. Na4 Re8+ 11. Kf1 b6 12. Bf3 Ba6+ 13. Kg2 Bxd2 14. Qxd2
Ne5 15. b3 Nxf3 16. Nxf3 Re2 17. Qd4 Ne4 18. Rhf1 Rxc2 19. Nb2 Bxf1+ 20. Rxf1
Rac8 21. Ne1 Rd2 22. Ned3 Rcc2 23. Nc4 Nc5 24. Nxd2 Rxd2 0-1

[Event "II. Budapest Open"]
[Site ", "]
[Date "2012.08.21"]
[Round "4"]
[White "Kumala, Aleksander"]
[Black "Zsatkovics, Endre"]
[Result "1-0"]
[WhiteElo "1963"]
[BlackElo "1740"]
[PlyCount "53"]
[EventDate "2012.??.??"]

1. e4 e5 2. Nf3 Nc6 3. Bb5 a6 4. Bxc6 dxc6 5. O-O f6 6. d3 Bc5 7. c3 Bg4 8. h3
Bh5 9. Be3 Bxe3 10. fxe3 Qd6 11. d4 Ne7 12. Nbd2 exd4 13. exd4 O-O-O 14. b4 Ng6
15. Qe1 Nf4 16. a4 Qe6 17. b5 a5 18. Qe3 Nd5 19. Qd3 Nf4 20. Qc2 g5 21. Nb3 Qc4
22. bxc6 Qxc6 23. c4 b6 24. d5 Qb7 25. c5 Rhg8 26. Nfd4 Be8 27. Rfb1 1-0

[Event "II. Budapest Open"]
[Site ", "]
[Date "2012.08.21"]
[Round "4"]
[White "Shan, He Jia Rita"]
[Black "Bellan, Istvan"]
[Result "0-1"]
[WhiteElo "1642"]
[BlackElo "1938"]
[PlyCount "66"]
[EventDate "2012.??.??"]

1. Nf3 Nf6 2. b3 e6 3. Bb2 Be7 4. g3 c5 5. Bg2 Nc6 6. O-O Qc7 7. Re1 d5 8. d3
O-O 9. Nbd2 Rd8 10. c4 d4 11. Ng5 e5 12. Nge4 Ne8 13. Nf3 f5 14. Ned2 Be6 15.
e4 Bd6 16. exf5 Bxf5 17. Ne4 Bxe4 18. Rxe4 Nf6 19. Re1 h6 20. Nd2 Rf8 21. Ne4
Rae8 22. Ba3 b6 23. Bc1 Ne7 24. Rf1 Ng6 25. Nxf6+ Rxf6 26. Qh5 Kh7 27. Be4 Ref8
28. g4 Qf7 29. g5 Rf5 30. Qh3 Rxf2 31. Bxg6+ Kxg6 32. Rxf2 Qxf2+ 33. Kh1 Qe1+
0-1

[Event "II. Budapest Open"]
[Site ", "]
[Date "2012.08.21"]
[Round "4"]
[White "Koczo, Kristof"]
[Black "Szurkos, Andras"]
[Result "1-0"]
[WhiteElo "2233"]
[BlackElo "1783"]
[PlyCount "51"]
[EventDate "2012.??.??"]

1. d4 d5 2. c4 c6 3. Nf3 Nf6 4. Nc3 e6 5. Bg5 Nbd7 6. cxd5 cxd5 7. e3 Be7 8.
Bd3 O-O 9. O-O a6 10. Rc1 Ne8 11. Bxe7 Qxe7 12. Qc2 Ndf6 13. Na4 Bd7 14. Nb6
Rd8 15. Ne5 g6 16. Qb3 Nd6 17. Rc7 Qe8 18. Rfc1 Bc8 19. Nxc8 Rxc8 20. Rxc8 Nxc8
21. Qxb7 a5 22. Bb5 Nd6 23. Bxe8 Nxb7 24. Bxf7+ Rxf7 25. Nxf7 Kxf7 26. Rc7+ 1-0

[Event "II. Budapest Open"]
[Site ", "]
[Date "2012.08.21"]
[Round "4"]
[White "Di Giovanni, Vilmos"]
[Black "Halak, Miklos"]
[Result "0-1"]
[WhiteElo "1838"]
[BlackElo "2137"]
[PlyCount "76"]
[EventDate "2012.??.??"]

1. d4 d5 2. Nf3 Bf5 3. e3 e6 4. b3 Nd7 5. Bb2 h6 6. Bd3 Bd6 7. Bxf5 exf5 8.
Nbd2 Ngf6 9. O-O O-O 10. c4 c6 11. Qc2 Ne4 12. Ne5 Nxe5 13. dxe5 Bb4 14. Nf3
dxc4 15. Qxc4 Ba5 16. b4 Bc7 17. Rfd1 Qe7 18. h3 Rfd8 19. a3 Rac8 20. Bd4 Bb8
21. Rac1 c5 22. bxc5 Nxc5 23. Bxc5 Rxd1+ 24. Rxd1 Rxc5 25. Qd4 Bxe5 26. Qd8+
Qf8 27. Nxe5 Rxe5 28. Rd7 Rb5 29. Qc7 Qxa3 30. Rd8+ Kh7 31. Qxf7 Qb2 32. Qe8
Rb6 33. Qh8+ Kg6 34. Rd7 Qc3 35. g4 Rb1+ 36. Kh2 Qe5+ 37. Kg2 Qe4+ 38. Kg3 Rg1+
0-1

[Event "II. Budapest Open"]
[Site ", "]
[Date "2012.08.21"]
[Round "4"]
[White "Palla, Akos Botond"]
[Black "Czegledi, Barna Jr"]
[Result "1-0"]
[WhiteElo "2014"]
[BlackElo "1799"]
[PlyCount "37"]
[EventDate "2012.??.??"]

1. e4 c6 2. d4 d5 3. e5 c5 4. Nc3 Nc6 5. dxc5 e6 6. f4 Nh6 7. Bd3 Bxc5 8. Bd2
a6 9. Qe2 O-O 10. O-O-O b5 11. g4 Qa5 12. f5 Bd4 13. Bxh6 gxh6 14. Qd2 Bxe5 15.
Qxh6 Bg7 16. Qh4 Qd8 17. f6 h6 18. g5 Ne5 19. fxg7 1-0

[Event "II. Budapest Open"]
[Site ", "]
[Date "2012.08.21"]
[Round "4"]
[White "Terbe, Zsuzsanna"]
[Black "Bodrogi, Laszlo"]
[Result "0-1"]
[WhiteElo "1748"]
[BlackElo "2043"]
[PlyCount "136"]
[EventDate "2012.??.??"]

1. c4 e5 2. g3 Nf6 3. Bg2 Nc6 4. Nc3 Bb4 5. e3 O-O 6. Nge2 Re8 7. O-O a6 8. a3
Bc5 9. b4 Bb6 10. d4 d6 11. h3 Bd7 12. Bb2 Rb8 13. Rc1 Qe7 14. Nb1 exd4 15.
Nxd4 Ne4 16. Nd2 Nxf2 17. Rxf2 Qxe3 18. Nf1 Qg5 19. Rd2 Ne5 20. Kh2 Qh6 21. Nb3
Bg4 22. Qc2 Nf3+ 23. Kh1 Nxd2 24. Qxd2 Bxh3 25. Qxh6 Bxg2+ 26. Kxg2 gxh6 27.
Rc2 c5 28. Bc1 cxb4 29. axb4 Kg7 30. Bf4 Rbd8 31. Rd2 Re6 32. Nd4 Bxd4 33. Rxd4
Re2+ 34. Kf3 Rb2 35. Bxd6 Rb3+ 36. Kg2 Re8 37. Nd2 Rb2 38. Kh3 f6 39. Nf3 Ree2
40. Bf4 Rxb4 41. Rd7+ Kg8 42. Bxh6 Rb1 43. Bf4 h5 44. g4 Rb3 45. gxh5 Rxf3+ 46.
Kg4 Rc3 47. Rxb7 Rxc4 48. Kf5 Re8 49. Bd2 Rc6 50. Ra7 Re5+ 51. Kg4 Rc4+ 52. Kf3
Rxh5 53. Rxa6 Kf7 54. Ra7+ Kg6 55. Ra8 Rh3+ 56. Kg2 Rb3 57. Rd8 Rc2 58. Kf1
Rb1+ 59. Ke2 Rbb2 60. Ke3 Rxd2 61. Rxd2 Rxd2 62. Kxd2 Kf5 63. Ke1 Kg4 64. Ke2
f5 65. Kf2 Kf4 66. Kg2 Ke3 67. Kf1 Kf3 68. Kg1 Ke2 0-1

[Event "II. Budapest Open"]
[Site ", "]
[Date "2012.08.21"]
[Round "4"]
[White "Furedi, Erik"]
[Black "Kozma, Gabor"]
[Result "1/2-1/2"]
[WhiteElo "1732"]
[BlackElo "1959"]
[PlyCount "77"]
[EventDate "2012.??.??"]

1. e4 c5 2. Nf3 d6 3. d4 cxd4 4. Nxd4 Nf6 5. Nc3 a6 6. Bc4 e6 7. f3 Be7 8. Be3
O-O 9. Qd2 Qc7 10. Bd3 b5 11. g4 Bb7 12. h4 d5 13. g5 Nh5 14. exd5 exd5 15.
Nce2 Nd7 16. Nf4 Nxf4 17. Bxf4 Bd6 18. Bxd6 Rfe8+ 19. Be2 Qxd6 20. O-O-O Rac8
21. h5 Ne5 22. f4 Nc4 23. Bxc4 dxc4 24. Rhe1 Be4 25. c3 Qb6 26. Re3 Bd3 27.
Rxe8+ Rxe8 28. Re1 Qb8 29. Rxe8+ Qxe8 30. Nc2 Qe4 31. Nb4 Qf3 32. Nxd3 cxd3 33.
Qh2 Qf1+ 34. Kd2 Qb1 35. Ke3 Qxa2 36. f5 Kf8 37. Qd6+ Ke8 38. Qc6+ Kd8 39. Qd6+
1/2-1/2

[Event "II. Budapest Open"]
[Site ", "]
[Date "2012.08.21"]
[Round "4"]
[White "Toth, Sarolta"]
[Black "Papp, Andrea"]
[Result "1-0"]
[WhiteElo "2192"]
[BlackElo "1621"]
[PlyCount "43"]
[EventDate "2012.??.??"]

1. Nf3 Nf6 2. c4 c5 3. Nc3 e6 4. a3 b6 5. g3 Bb7 6. Bg2 Be7 7. O-O O-O 8. Re1
d6 9. e4 a6 10. b3 Qc7 11. Bb2 Nbd7 12. d4 cxd4 13. Nxd4 Ne8 14. Rc1 Bg5 15. f4
Bh6 16. Rc2 Rc8 17. Rf2 e5 18. Nf5 Ndf6 19. Nxh6+ gxh6 20. fxe5 dxe5 21. Nd5
Bxd5 22. exd5 1-0

[Event "II. Budapest Open"]
[Site ", "]
[Date "2012.08.21"]
[Round "4"]
[White "Szlenka, Attila"]
[Black "Toth-Katona, Tamas"]
[Result "1/2-1/2"]
[WhiteElo "1736"]
[BlackElo "1859"]
[PlyCount "67"]
[EventDate "2012.??.??"]

1. Nf3 Nf6 2. g3 b6 3. Bg2 Bb7 4. O-O e6 5. d3 Be7 6. c4 d6 7. Nc3 Nbd7 8. Bd2
O-O 9. e4 c5 10. h3 Ne8 11. Nh2 f5 12. f4 Bf6 13. Qe2 Nc7 14. Rad1 Re8 15. Nf3
e5 16. fxe5 Nxe5 17. Nxe5 Bxe5 18. Rxf5 Bc8 19. Bg5 Qd7 20. Rdf1 Ne6 21. Be3
Qd8 22. Kh1 Nd4 23. Bxd4 cxd4 24. Nd5 Bxf5 25. Rxf5 Rf8 26. Qf3 Rxf5 27. exf5
Qg5 28. Kh2 Rf8 29. Qg4 Qd2 30. Qh5 Bf6 31. Nxf6+ Rxf6 32. Qe8+ Rf8 33. Qe6+
Rf7 34. Qe8+ 1/2-1/2

[Event "II. Budapest Open"]
[Site ", "]
[Date "2012.08.21"]
[Round "4"]
[White "Czimer, Jozsef"]
[Black "Romhanyi, Mihaly"]
[Result "1-0"]
[WhiteElo "1791"]
[BlackElo "1455"]
[PlyCount "77"]
[EventDate "2012.??.??"]

1. Nf3 g6 2. c4 c5 3. Nc3 Bg7 4. d4 cxd4 5. Nxd4 Nf6 6. h3 a6 7. Be3 Qc7 8. Qb3
O-O 9. Rc1 e5 10. Nc2 Nc6 11. Bb6 Qb8 12. Nd5 Nxd5 13. cxd5 Nd4 14. Qc4 Nxc2+
15. Rxc2 d6 16. e4 f5 17. f3 fxe4 18. fxe4 Bd7 19. Bd3 Bb5 20. Qb3 Qe8 21. Bxb5
axb5 22. Rf1 Ra4 23. Rxf8+ Bxf8 24. Re2 Rc4 25. Qd1 Bh6 26. Be3 Bxe3 27. Rxe3
Rd4 28. Qf3 Qd8 29. Qg4 Qa5+ 30. Kf2 Rd2+ 31. Re2 Qb6+ 32. Kg3 Rd3+ 33. Kh2 Qd8
34. Qe6+ Kg7 35. Rf2 Qg5 36. Qf7+ Kh6 37. g4 Qd8 38. Rg2 g5 39. Rf2 1-0

[Event "II. Budapest Open"]
[Site ", "]
[Date "2012.08.21"]
[Round "4"]
[White "Karacsonyi, Kata"]
[Black "Szalai, Krisztian"]
[Result "0-1"]
[WhiteElo "1238"]
[BlackElo "1710"]
[PlyCount "66"]
[EventDate "2012.??.??"]

1. e4 d6 2. d4 Nf6 3. Nf3 g6 4. Nc3 Bg7 5. Bc4 O-O 6. Bf4 Nc6 7. O-O Bg4 8. Qd3
Bxf3 9. Qxf3 Nxd4 10. Qd3 c5 11. Rad1 Qb6 12. b4 Rad8 13. Nd5 Nxd5 14. Bxd5 e6
15. Bb3 Qxb4 16. Rb1 Qa5 17. Qc4 b5 18. Qd3 c4 19. Bd2 Qc7 20. Bxc4 bxc4 21.
Qe3 Nxc2 22. Qf3 c3 23. Bg5 f6 24. Bf4 f5 25. exf5 Rxf5 26. Rb7 Qc4 27. Qd1 Nd4
28. Be3 c2 29. Qd2 Ne2+ 30. Kh1 Bc3 31. Qxc2 d5 32. Bh6 Ng3+ 33. Kg1 Qxf1# 0-1

[Event "II. Budapest Open"]
[Site ", "]
[Date "2012.08.21"]
[Round "4"]
[White "Schatzer, Andras"]
[Black "Bolgar, Janka"]
[Result "1-0"]
[WhiteElo "1729"]
[BlackElo "1398"]
[PlyCount "75"]
[EventDate "2012.??.??"]

1. e4 e5 2. d4 exd4 3. Bc4 Nc6 4. Nf3 Bb4+ 5. c3 dxc3 6. bxc3 Bc5 7. Qd5 Qf6 8.
Qxc5 d6 9. Qg5 Ne5 10. Qxf6 Nxf6 11. Nxe5 dxe5 12. f3 Bd7 13. Be3 O-O 14. Nd2
Rad8 15. O-O Rfe8 16. Rad1 h6 17. Nb3 b6 18. Rd2 a5 19. Rfd1 Re7 20. Bb5 c6 21.
Bxc6 Kh7 22. Bxd7 Rexd7 23. Rxd7 Rxd7 24. Rxd7 Nxd7 25. Nd2 f6 26. Nc4 b5 27.
Nxa5 Nb8 28. Nb7 Nc6 29. Bc5 Kg6 30. Nd6 Na5 31. Nxb5 Nc4 32. a4 Kf7 33. Nd6+
Nxd6 34. Bxd6 Ke6 35. Bb4 Kd7 36. Bf8 g5 37. Bxh6 Kc6 38. Bg7 1-0

[Event "II. Budapest Open"]
[Site ", "]
[Date "2012.08.21"]
[Round "4"]
[White "Zahonyi Abel, Mark"]
[Black "Gorog, Almos"]
[Result "1-0"]
[WhiteElo "1815"]
[BlackElo "1435"]
[PlyCount "127"]
[EventDate "2012.??.??"]

1. e4 e6 2. d4 d5 3. Nd2 Nf6 4. e5 Nfd7 5. Bd3 c5 6. c3 Nc6 7. Ne2 Qb6 8. Nf3
Be7 9. O-O O-O 10. Nf4 Ndb8 11. Nh5 f5 12. exf6 Bxf6 13. Nxf6+ Rxf6 14. Ne5
Nxe5 15. dxe5 Rf7 16. Qh5 g6 17. Qg5 Qc7 18. f4 Qe7 19. Qg4 c4 20. Bc2 Nc6 21.
Be3 Bd7 22. Rf3 Be8 23. Raf1 Bd7 24. Rh3 Raf8 25. Rhf3 b5 26. a3 a6 27. Qg3 a5
28. Qf2 Qe8 29. Bc5 Kg7 30. Bxf8+ Qxf8 31. h4 Ne7 32. g4 Kh8 33. Kh2 Qh6 34.
Kh3 Qf8 35. Rg1 Qh6 36. Kg2 Qg7 37. Kf1 Qf8 38. Ke2 Nc6 39. Rf1 Ne7 40. Rh1 Bc6
41. Qd4 Bb7 42. Rhf1 Nc6 43. Qe3 Ne7 44. R3f2 b4 45. axb4 axb4 46. cxb4 Nc6 47.
Qc5 Nxb4 48. Qxf8+ Rxf8 49. Bb1 Nd3 50. Bxd3 cxd3+ 51. Kxd3 Ba6+ 52. Kd4 Bxf1
53. Rxf1 Rb8 54. Rf2 Rc8 55. b3 Rb8 56. Rf3 Rc8 57. f5 gxf5 58. gxf5 exf5 59.
Rxf5 Rb8 60. Rf3 Rb4+ 61. Kxd5 Rxh4 62. e6 Rh5+ 63. Kd6 Rh6 64. Kd7 1-0

[Event "II. Budapest Open"]
[Site ", "]
[Date "2012.08.21"]
[Round "4"]
[White "Szonyi, Bence"]
[Black "Bella, Zsolt"]
[Result "1-0"]
[WhiteElo "1614"]
[BlackElo "1369"]
[PlyCount "53"]
[EventDate "2012.??.??"]

1. e4 d6 2. d4 g6 3. Nf3 Bg7 4. c4 Nc6 5. d5 Ne5 6. Nxe5 Bxe5 7. Be2 Bg7 8. O-O
e5 9. Nc3 Nf6 10. Be3 b6 11. b4 O-O 12. c5 Rb8 13. c6 a6 14. a4 Ne8 15. b5 a5
16. Qd2 f5 17. f4 Qe7 18. exf5 exf4 19. Rxf4 Bxc3 20. Qxc3 Rxf5 21. Rxf5 Bxf5
22. Re1 Qf7 23. Bf3 Nf6 24. Bd4 Nxd5 25. Bxd5 Qxd5 26. Re7 g5 27. Bf2 1-0

[Event "II. Budapest Open"]
[Site ", "]
[Date "2012.08.21"]
[Round "4"]
[White "Novak, Levente Peter"]
[Black "Devald, Peter"]
[Result "0-1"]
[WhiteElo "1563"]
[BlackElo "1563"]
[PlyCount "46"]
[EventDate "2012.??.??"]

1. e4 c5 2. f4 Nc6 3. Nc3 g6 4. Nf3 Bg7 5. Bc4 d6 6. d3 e6 7. Bd2 Nge7 8. O-O
O-O 9. Qe2 a6 10. Rad1 b5 11. Bb3 a5 12. Nxb5 a4 13. Bc4 d5 14. exd5 exd5 15.
Bxd5 Nxd5 16. c4 Nc7 17. Nc3 Re8 18. Qf2 Nd4 19. Kh1 h5 20. Ne4 Nxf3 21. Qxf3
Bg4 22. Qe3 Bxd1 23. Rxd1 f5 0-1

[Event "II. Budapest Open"]
[Site ", "]
[Date "2012.08.21"]
[Round "4"]
[White "Csermely, Zoltan"]
[Black "B. Kiss, Tamas"]
[Result "1-0"]
[WhiteElo "1686"]
[BlackElo "1526"]
[PlyCount "65"]
[EventDate "2012.??.??"]

1. d4 d5 2. c4 e6 3. cxd5 exd5 4. Qd3 c6 5. a3 Nf6 6. Nc3 Bd6 7. Bg5 O-O 8. f4
Nbd7 9. O-O-O h6 10. Bxf6 Nxf6 11. g3 Ng4 12. Qf3 Re8 13. Bh3 Ne3 14. Rd3 Nc4
15. e4 Qb6 16. Qe2 dxe4 17. Bxc8 Raxc8 18. Nxe4 f5 19. Qc2 Nxb2 20. Qxb2 Qxb2+
21. Kxb2 Rxe4 22. Nf3 Rce8 23. Ne5 Rd8 24. Kc3 a5 25. Rb1 b5 26. Nxc6 Rc8 27.
d5 Bxa3 28. Rxb5 g5 29. Kb3 Bd6 30. fxg5 hxg5 31. Nxa5 f4 32. Nb7 Rb8 33. Nxd6
1-0